<?xml version="1.0" encoding="UTF-8"?><?xml-stylesheet type="text/xsl" href="static/style.xsl"?><OAI-PMH xmlns="http://www.openarchives.org/OAI/2.0/" xmlns:xsi="http://www.w3.org/2001/XMLSchema-instance" xsi:schemaLocation="http://www.openarchives.org/OAI/2.0/ http://www.openarchives.org/OAI/2.0/OAI-PMH.xsd"><responseDate>2026-06-01T18:27:19Z</responseDate><request verb="GetRecord" identifier="oai:riuma.uma.es:10630/33894" metadataPrefix="marc">https://riuma.uma.es/rest/oai/request</request><GetRecord><record><header><identifier>oai:riuma.uma.es:10630/33894</identifier><datestamp>2026-02-03T11:05:03Z</datestamp><setSpec>com_10630_2254</setSpec><setSpec>col_10630_37953</setSpec></header><metadata><record xmlns="http://www.loc.gov/MARC21/slim" xmlns:dcterms="http://purl.org/dc/terms/" xmlns:doc="http://www.lyncode.com/xoai" xmlns:xsi="http://www.w3.org/2001/XMLSchema-instance" xsi:schemaLocation="http://www.loc.gov/MARC21/slim http://www.loc.gov/standards/marcxml/schema/MARC21slim.xsd">
   <leader>00925njm 22002777a 4500</leader>
   <datafield ind2=" " ind1=" " tag="042">
      <subfield code="a">dc</subfield>
   </datafield>
   <datafield ind2=" " ind1=" " tag="720">
      <subfield code="a">Báez, José Carlos</subfield>
      <subfield code="e">author</subfield>
   </datafield>
   <datafield ind2=" " ind1=" " tag="720">
      <subfield code="a">Bellido López, Juan Jesús</subfield>
      <subfield code="e">author</subfield>
   </datafield>
   <datafield ind2=" " ind1=" " tag="720">
      <subfield code="a">Ferri-Yáñez, Francisco</subfield>
      <subfield code="e">author</subfield>
   </datafield>
   <datafield ind2=" " ind1=" " tag="720">
      <subfield code="a">Castillo, Juan José</subfield>
      <subfield code="e">author</subfield>
   </datafield>
   <datafield ind2=" " ind1=" " tag="720">
      <subfield code="a">Martín, Juan J.</subfield>
      <subfield code="e">author</subfield>
   </datafield>
   <datafield ind2=" " ind1=" " tag="720">
      <subfield code="a">Mons Checa, Jose Luís</subfield>
      <subfield code="e">author</subfield>
   </datafield>
   <datafield ind2=" " ind1=" " tag="720">
      <subfield code="a">Romero-Pacheco, David</subfield>
      <subfield code="e">author</subfield>
   </datafield>
   <datafield ind2=" " ind1=" " tag="720">
      <subfield code="a">Real-Giménez, Raimundo</subfield>
      <subfield code="e">author</subfield>
   </datafield>
   <datafield ind2=" " ind1=" " tag="260">
      <subfield code="c">2011-09</subfield>
   </datafield>
   <datafield ind2=" " ind1=" " tag="520">
      <subfield code="a">The aim of this study was to explore the possible link between variations in the North Atlantic Oscillation (NAO) and sea surface temperature (SST) and the abundance of loggerhead turtles around the Strait of Gibraltar, using stranding data for the Andalusian coastal area as a proxy for abundance. The annual average SST (from November to October) in the Gulf of Cadiz was negatively associated with the total number of loggerhead strandings each year from November 1997 to October 2006 in the Gulf of Cadiz and the Alboran Sea. The average NAO index was positively associated with the number of strandings in the Gulf of Cadiz in the following year. Prevailing westerly winds during positive NAO phases and the subsequent delayed decrease in SST may lead to turtles from the west Atlantic accumulating in the Gulf of Cadiz and unsuccessfully attempting to return. Secondary causes, such as buoyancy, cold stunning, longline fisheries, net fisheries, debilitated turtle syndrome, and trauma may also increase the number of turtle strandings.</subfield>
   </datafield>
   <datafield ind1="8" ind2=" " tag="024">
      <subfield code="a">Báez, J. C., Bellido, J. J., Ferri-Yáñez, F., Castillo, J. J., Martín, J. J., Mons, J. L., Romero, D., &amp; Real, R. (2011). The North Atlantic Oscillation and sea surface temperature affect loggerhead abundance around the Strait of Gibraltar. Scientia Marina, 75(3), 571–575.</subfield>
   </datafield>
   <datafield ind1="8" ind2=" " tag="024">
      <subfield code="a">https://hdl.handle.net/10630/33894</subfield>
   </datafield>
   <datafield ind1="8" ind2=" " tag="024">
      <subfield code="a">10.3989/scimar.2011.75n3571</subfield>
   </datafield>
   <datafield tag="653" ind2=" " ind1=" ">
      <subfield code="a">Tortugas marinas</subfield>
   </datafield>
   <datafield tag="653" ind2=" " ind1=" ">
      <subfield code="a">Mares y océanos - Temperatura</subfield>
   </datafield>
   <datafield ind2="0" ind1="0" tag="245">
      <subfield code="a">The North Atlantic Oscillation and sea surface temperature affect loggerhead abundance around the Strait of Gibraltar.</subfield>
   </datafield>
</record>
</metadata></record></GetRecord></OAI-PMH>